[Event "British Rapidplay"]
[Site "Peterborough"]
[Date "2025.03.01"]
[Round "5.17"]
[White "Hryshchenko, Kamila"]
[Black "Andal, Edmond"]
[Result "1-0"]
[WhiteElo "2119"]
[BlackElo "2011"]
[PlyCount "134"]
[EventDate "2025.03.01"]
[EventType "swiss (rapid)"]
[EventRounds "11"]
[EventCountry "ENG"]
[SourceTitle "BritBase"]
[Source "John Saunders"]
[SourceDate "2025.03.03"]
[SourceVersion "1"]
[SourceVersionDate "2025.03.03"]
[SourceQuality "2"]

1. e4 c5 2. d3 Nc6 3. Be2 g6 4. f4 Bg7 5. Nf3 e6 6. O-O Nge7 7. c3 d5 8. Qe1 Qb6 9. Kh1 Bd7 10. Na3 a6 11. Nc2 d4 12. c4 e5 13. Qh4 h6 14. b4 cxb4 15. a3 b3 16. Rb1 a5 17. a4 exf4 18. Qxf4 Be6 19. Na3 g5 20. Qg3 Ng6 21. Nb5 Nce5 22. Nfxd4 O-O 23. Be3 Qd8 24. Rxb3 Nc6 25. Nxe6 fxe6 26. Rbb1 e5 27. Nc3 Rxf1+ 28. Bxf1 Qf8 29. Qh3 Nf4 30. Qg4 Qa3 31. Nd5 Rf8 32. Bxf4 exf4 33. Be2 Nd4 34. Re1 Qa2 35. h4 Qd2 36. Ne7+ Kh7 37. Rg1 Qxe2 38. Qxe2 Nxe2 39. Rb1 Rf7 40. Nc8 g4 41. Nd6 Rd7 42. c5 Nc3 43. Rxb7 Rxb7 44. Nxb7 Nxa4 45. c6 Nb6 46. Nxa5 Be5 47. Nb3 Kg7 48. d4 Bc7 49. Nc5 Kf6 50. Na6 Na8 51. Nb4 Ke6 52. Nd5 Kd6 53. Nxf4 Kxc6 54. Nd5 Bd8 55. g3 Nb6 56. Ne3 h5 57. Nf5 Bf6 58. Kg2 Nc4 59. Kf2 Kd7 60. e5 Bh8 61. Ke2 Ke6 62. Nh6 Bg7 63. d5+ Kxd5 64. Nf5 Bxe5 65. Kd3 Nd6 66. Ne3+ Ke6 67. Nf1 Nf5 1-0

[Event "British Rapidplay"]
[Site "Peterborough"]
[Date "2025.03.01"]
[Round "5.18"]
[White "Rushbrooke, Remy"]
[Black "Alizada, Eldar"]
[Result "1-0"]
[WhiteElo "2094"]
[BlackElo "1997"]
[PlyCount "117"]
[EventDate "2025.03.01"]
[EventType "swiss (rapid)"]
[EventRounds "11"]
[EventCountry "ENG"]
[SourceTitle "BritBase"]
[Source "John Saunders"]
[SourceDate "2025.03.03"]
[SourceVersion "1"]
[SourceVersionDate "2025.03.03"]
[SourceQuality "2"]

1. Nf3 d5 2. g3 Nf6 3. Bg2 e6 4. O-O Be7 5. d4 O-O 6. c4 c6 7. Nbd2 b6 8. Qc2 Bb7 9. b3 Nbd7 10. Bb2 Rc8 11. Rac1 dxc4 12. Nxc4 c5 13. dxc5 Bxc5 14. Qb1 b5 15. Nce5 Nxe5 16. Nxe5 Bxg2 17. Kxg2 Qd5+ 18. f3 Bb6 19. Rfd1 Rxc1 20. Qxc1 Qc5 21. Qxc5 Bxc5 22. e4 Rc8 23. Rc1 Rc7 24. Ba3 Bb6 25. Rxc7 Bxc7 26. Nc6 Bb6 27. Ne7+ Kf8 28. Nc8+ Ke8 29. Nd6+ Ke7 30. Nxb5+ Kd7 31. Bb2 Kc6 32. Na3 Ne8 33. Nc4 Bc7 34. Ne5+ Bxe5 35. Bxe5 f6 36. Bd4 a6 37. Kf2 g6 38. Ke3 f5 39. exf5 exf5 40. Kf4 Kd5 41. Bc3 Nd6 42. Kg5 Nb5 43. Bb2 Ke6 44. Kh6 Nd6 45. Kxh7 Kf7 46. Kh6 Nc8 47. Kg5 Ne7 48. h4 Nd5 49. g4 fxg4 50. fxg4 Nb4 51. h5 gxh5 52. gxh5 Kg8 53. Kg6 Nd3 54. Bd4 Nf4+ 55. Kh6 Ne6 56. Be3 Nf8 57. Kg5 Kh7 58. Kf6 Nd7+ 59. Ke6 1-0

[Event "British Rapidplay"]
[Site "Peterborough"]
[Date "2025.03.01"]
[Round "5.19"]
[White "Surtees, Michael J"]
[Black "Fellowes, Billy"]
[Result "1-0"]
[WhiteElo "2099"]
[BlackElo "2203"]
[PlyCount "77"]
[EventDate "2025.03.01"]
[EventType "swiss (rapid)"]
[EventRounds "11"]
[EventCountry "ENG"]
[SourceTitle "BritBase"]
[Source "John Saunders"]
[SourceDate "2025.03.03"]
[SourceVersion "1"]
[SourceVersionDate "2025.03.03"]
[SourceQuality "2"]

1. e4 Nc6 2. d3 Nf6 3. f4 d6 4. c3 g6 5. Ne2 Bg7 6. h3 e5 7. g3 Nh5 8. Bg2 exf4 9. Bxf4 Nxf4 10. Nxf4 Qg5 11. Qf3 Ne5 12. Qe3 h5 13. Nd2 h4 14. d4 Bh6 15. Nf1 Nc4 16. Qe2 Nb6 17. Nd5 Nxd5 18. exd5+ Kd8 19. Qf3 Bf5 20. Kf2 Re8 21. gxh4 Qxh4+ 22. Qg3 Qf6 23. Bf3 Be4 24. Re1 Re7 25. Nh2 Bd2 26. Re2 Bf4 27. Qg4 g5 28. Rxe4 Rxe4 29. Bxe4 Bxh2+ 30. Kg2 Bf4 31. h4 Ke7 32. h5 Rh8 33. Qf5 Qg7 34. Bf3 Kd8 35. Bg4 Ke7 36. Re1+ Be5 37. dxe5 Rh6 38. Qd7+ Kf8 39. Qd8# 1-0

[Event "British Rapidplay"]
[Site "Peterborough"]
[Date "2025.03.01"]
[Round "5.20"]
[White "Verbytski, Oleg"]
[Black "Quilter, Thomas A"]
[Result "1-0"]
[WhiteElo "2111"]
[BlackElo "2162"]
[PlyCount "139"]
[EventDate "2025.03.01"]
[EventType "swiss (rapid)"]
[EventRounds "11"]
[EventCountry "ENG"]
[SourceTitle "BritBase"]
[Source "John Saunders"]
[SourceDate "2025.03.03"]
[SourceVersion "1"]
[SourceVersionDate "2025.03.03"]
[SourceQuality "2"]

1. e4 d5 2. exd5 c6 3. dxc6 Nxc6 4. Bc4 e5 5. d3 Nf6 6. Nc3 h6 7. h3 Bc5 8. Nf3 O-O 9. O-O Re8 10. Re1 Bf5 11. Be3 Nd4 12. a3 a6 13. Bxd4 exd4 14. Ne2 b5 15. Bb3 Qd7 16. Qd2 a5 17. Ng3 Bg6 18. Ne5 Rxe5 19. Rxe5 Bd6 20. Ree1 a4 21. Ba2 Rb8 22. Ne4 Be7 23. Nxf6+ Bxf6 24. Qe2 b4 25. Bc4 bxa3 26. bxa3 Rb2 27. Rab1 Qb7 28. Rxb2 Qxb2 29. Qe8+ Kh7 30. Qxa4 Qc3 31. Rb1 Qd2 32. Qb4 Qxc2 33. Qb3 Qe2 34. a4 Bh4 35. Rf1 Bf5 36. Qa2 Qe7 37. Qd2 Bg5 38. Qd1 Qc5 39. Bxf7 Bd8 40. Qf3 Bc7 41. Qa8 Bc8 42. Qe4+ Bf5 43. Qe8 h5 44. h4 Qd6 45. g3 Bxd3 46. Qg8+ Kh6 47. Qh8+ Bh7 48. Bg8 Qg6 49. Qxh7+ Qxh7 50. Bxh7 Kxh7 51. Ra1 Ba5 52. Rd1 Bc3 53. Kf1 Kg6 54. Ke2 Kf5 55. Kd3 Kg4 56. Rc1 Ba5 57. Kxd4 Bb6+ 58. Kc4 Bxf2 59. Rc3 g5 60. hxg5 Kxg5 61. a5 Kg4 62. a6 Bg1 63. Kb5 Bd4 64. Rc4 Kxg3 65. Rxd4 h4 66. a7 h3 67. a8=Q h2 68. Rd3+ Kf2 69. Qf3+ Kg1 70. Rd1# 1-0

[Event "British Rapidplay"]
[Site "Peterborough"]
[Date "2025.03.01"]
[Round "5.21"]
[White "Mihalik, Agoston"]
[Black "White, Stuart A"]
[Result "1/2-1/2"]
[WhiteElo "2140"]
[BlackElo "2024"]
[PlyCount "37"]
[EventDate "2025.03.01"]
[EventType "swiss (rapid)"]
[EventRounds "11"]
[EventCountry "ENG"]
[SourceTitle "BritBase"]
[Source "John Saunders"]
[SourceDate "2025.03.03"]
[SourceVersion "1"]
[SourceVersionDate "2025.03.03"]
[SourceQuality "2"]

1. e4 c5 2. Nf3 d6 3. Bb5+ Bd7 4. Bxd7+ Nxd7 5. O-O Ngf6 6. Qe2 e6 7. d4 cxd4 8. Nxd4 Be7 9. c4 Qa5 10. Nc3 Rc8 11. Be3 a6 12. Rac1 O-O 13. f4 Rfe8 14. Kh1 Qb4 15. b3 b5 16. Bd2 Qc5 17. Be3 Qb4 18. Bd2 Qc5 19. Qd1 1/2-1/2

[Event "British Rapidplay"]
[Site "Peterborough"]
[Date "2025.03.01"]
[Round "5.22"]
[White "George, Matthew P"]
[Black "Mirzoeva, Elmira"]
[Result "0-1"]
[WhiteElo "1999"]
[BlackElo "2272"]
[PlyCount "54"]
[EventDate "2025.03.01"]
[EventType "swiss (rapid)"]
[EventRounds "11"]
[EventCountry "ENG"]
[SourceTitle "BritBase"]
[Source "John Saunders"]
[SourceDate "2025.03.03"]
[SourceVersion "1"]
[SourceVersionDate "2025.03.03"]
[SourceQuality "2"]

1. d4 d5 2. c4 c6 3. Nf3 Nf6 4. Nc3 dxc4 5. e4 b5 6. Be2 Bb7 7. O-O e6 8. e5 Nd5 9. Qc2 Be7 10. b3 cxb3 11. axb3 O-O 12. Ne4 h6 13. Bd2 Nd7 14. Ba5 Qb8 15. Rfc1 Rc8 16. Ne1 c5 17. Bxb5 cxd4 18. Qd2 Rxc1 19. Rxc1 Qxe5 20. Bd3 f5 21. Nf3 Qf4 22. Qxf4 Nxf4 23. Rc7 Rc8 24. Rxb7 Rc1+ 25. Ne1 Nxd3 26. Ng3 Nxe1 27. Rxd7 Nf3# 0-1

[Event "British Rapidplay"]
[Site "Peterborough"]
[Date "2025.03.01"]
[Round "5.23"]
[White "McLachlan, Matthew"]
[Black "Kothari, Jai"]
[Result "1/2-1/2"]
[WhiteElo "1927"]
[BlackElo "2035"]
[PlyCount "107"]
[EventDate "2025.03.01"]
[EventType "swiss (rapid)"]
[EventRounds "11"]
[EventCountry "ENG"]
[SourceTitle "BritBase"]
[Source "John Saunders"]
[SourceDate "2025.03.03"]
[SourceVersion "1"]
[SourceVersionDate "2025.03.03"]
[SourceQuality "2"]

1. d4 Nf6 2. Bg5 d5 3. Bxf6 exf6 4. e3 c6 5. Bd3 Bd6 6. Nd2 Be6 7. c3 Nd7 8. f4 f5 9. Ngf3 Nf6 10. O-O O-O 11. a4 Qc7 12. c4 Qe7 13. c5 Bc7 14. b4 b6 15. Ne5 Bxe5 16. fxe5 Ne4 17. Qc2 bxc5 18. Bxe4 fxe4 19. Qxc5 Qxc5 20. bxc5 Rab8 21. Rab1 Bd7 22. Rxb8 Rxb8 23. Rb1 Rxb1+ 24. Nxb1 Kf8 25. Nc3 Ke7 26. a5 Kd8 27. Na2 Bg4 28. Kf2 Bd1 29. Nb4 Ba4 30. h4 Kd7 31. Kg3 Bb5 32. Kf4 Ke6 33. g4 h6 34. Nc2 Kd7 35. Kf5 Be2 36. g5 hxg5 37. hxg5 Bh5 38. Nb4 Bg6+ 39. Kg4 Kc7 40. Na2 Kb7 41. Nb4 Kc7 42. a6 Kd7 43. Nc2 Ke6 44. Nb4 Kd7 45. Nc2 Ke6 46. Na1 Bf5+ 47. Kh4 f6 48. exf6 gxf6 49. Nc2 fxg5+ 50. Kxg5 Bh3 51. Nb4 Kd7 52. Kf6 Bf1 53. Kf7 Kc7 54. Ke7 1/2-1/2

[Event "British Rapidplay"]
[Site "Peterborough"]
[Date "2025.03.01"]
[Round "5.24"]
[White "Davis, Colin J"]
[Black "Kennedy, Aden"]
[Result "1-0"]
[WhiteElo "1987"]
[BlackElo "1913"]
[PlyCount "55"]
[EventDate "2025.03.01"]
[EventType "swiss (rapid)"]
[EventRounds "11"]
[EventCountry "ENG"]
[SourceTitle "BritBase"]
[Source "John Saunders"]
[SourceDate "2025.03.03"]
[SourceVersion "1"]
[SourceVersionDate "2025.03.03"]
[SourceQuality "2"]

1. d3 g6 2. g3 Bg7 3. Bg2 c5 4. e4 Nc6 5. f4 d6 6. Nf3 Nf6 7. O-O O-O 8. c3 Bg4 9. h3 Bxf3 10. Qxf3 Qd7 11. a4 Rad8 12. Be3 Rfe8 13. Nd2 e5 14. f5 Ne7 15. g4 h6 16. h4 Nh7 17. g5 hxg5 18. hxg5 f6 19. Bh3 Qc6 20. Qg4 fxg5 21. Bxg5 Nxg5 22. Qxg5 Nc8 23. f6 Rf8 24. Qxg6 Rxf6 25. Rxf6 Qe8 26. Be6+ Kh8 27. Bf7 Bxf6 28. Qh6# 1-0

[Event "British Rapidplay"]
[Site "Peterborough"]
[Date "2025.03.01"]
[Round "5.25"]
[White "Lebedev, Lion"]
[Black "Sivanandan, Bodhana"]
[Result "0-1"]
[WhiteElo "2038"]
[BlackElo "2073"]
[PlyCount "56"]
[EventDate "2025.03.01"]
[EventType "swiss (rapid)"]
[EventRounds "11"]
[EventCountry "ENG"]
[SourceTitle "BritBase"]
[Source "John Saunders"]
[SourceDate "2025.03.03"]
[SourceVersion "1"]
[SourceVersionDate "2025.03.03"]
[SourceQuality "2"]

1. d4 d5 2. c4 c6 3. Nf3 Nf6 4. Nc3 e6 5. e3 Nbd7 6. Qc2 Bd6 7. Bd3 O-O 8. O-O dxc4 9. Bxc4 b5 10. Bd3 Bb7 11. e4 e5 12. Rd1 Qc7 13. h3 Rfe8 14. a3 Rad8 15. Bf1 a6 16. Bg5 h6 17. Bh4 exd4 18. Nxd4 Be5 19. Nf5 Nf8 20. Rac1 Rxd1 21. Rxd1 Rd8 22. Bxf6 Rxd1 23. Qxd1 Bxf6 24. Qd6 Qxd6 25. Nxd6 Ba8 26. f4 Bd4+ 27. Kh2 Ne6 28. Kg3 g5 0-1

[Event "British Rapidplay"]
[Site "Peterborough"]
[Date "2025.03.01"]
[Round "5.26"]
[White "Sasikumar, Srivathsan"]
[Black "Pilley, Jack"]
[Result "0-1"]
[WhiteElo "1868"]
[BlackElo "1975"]
[PlyCount "94"]
[EventDate "2025.03.01"]
[EventType "swiss (rapid)"]
[EventRounds "11"]
[EventCountry "ENG"]
[SourceTitle "BritBase"]
[Source "John Saunders"]
[SourceDate "2025.03.03"]
[SourceVersion "1"]
[SourceVersionDate "2025.03.03"]
[SourceQuality "2"]

1. e4 c6 2. d4 d5 3. exd5 cxd5 4. c4 Nf6 5. Nc3 Nc6 6. Nf3 a6 7. c5 Bg4 8. Be3 g6 9. Be2 Bg7 10. O-O O-O 11. h3 Bxf3 12. Bxf3 e6 13. Re1 b6 14. Na4 Nd7 15. Rc1 bxc5 16. Nxc5 Nxc5 17. Rxc5 Qb6 18. Qd2 Rfc8 19. Rec1 Bf8 20. R5c2 Bg7 21. Rc5 Bf8 22. R5c2 Ne7 23. Rxc8 Rxc8 24. Rxc8 Nxc8 25. Be2 Nd6 26. Bd3 Bg7 27. Qc3 Bf8 28. Bf4 a5 29. Qc5 Qd8 30. Qc6 Be7 31. a3 Qb8 32. Bd2 h5 33. b4 axb4 34. axb4 Qa7 35. Be3 Qa3 36. Qd7 Bf8 37. Bxg6 fxg6 38. Qxe6+ Kg7 39. Qe5+ Kh7 40. Qxd5 Qxb4 41. Qc6 Nf5 42. Qc7+ Bg7 43. Qf4 Nxd4 44. Bxd4 Qxd4 45. Qf3 Qa1+ 46. Kh2 Qf6 47. Qb3 Qxf2 0-1

[Event "British Rapidplay"]
[Site "Peterborough"]
[Date "2025.03.01"]
[Round "5.27"]
[White "Eckersley-Waites, Adam"]
[Black "Rughani, Mahin"]
[Result "1-0"]
[WhiteElo "2247"]
[BlackElo "1907"]
[PlyCount "109"]
[EventDate "2025.03.01"]
[EventType "swiss (rapid)"]
[EventRounds "11"]
[EventCountry "ENG"]
[SourceTitle "BritBase"]
[Source "John Saunders"]
[SourceDate "2025.03.03"]
[SourceVersion "1"]
[SourceVersionDate "2025.03.03"]
[SourceQuality "2"]

1. d4 c6 2. c4 d5 3. Nf3 Nf6 4. Nc3 e6 5. g3 Nbd7 6. Bg2 b6 7. O-O Bb7 8. Qd3 Be7 9. Rd1 O-O 10. e4 dxe4 11. Nxe4 Nxe4 12. Qxe4 Nf6 13. Qc2 Rc8 14. Ne5 Bd6 15. Bg5 h6 16. Bxf6 gxf6 17. Ng4 h5 18. Ne3 Kg7 19. c5 Bb8 20. b4 f5 21. a4 h4 22. a5 hxg3 23. hxg3 Qg5 24. a6 Ba8 25. Nf1 f4 26. Ra3 Rh8 27. Rdd3 Rcg8 28. gxf4 Qxf4 29. Qd2 Qf5 30. Rf3 Qh5 31. Rh3 Qg6 32. Rhg3 Bxg3 33. Rxg3 Kf8 34. Rxg6 Rxg6 35. Qf4 bxc5 36. dxc5 Rhg8 37. Ng3 Rg4 38. Qb8+ Kg7 39. Qe5+ Kf8 40. b5 cxb5 41. Bxa8 b4 42. Bf3 Rc4 43. c6 b3 44. Qb8+ Kg7 45. Qxb3 Rf4 46. Qc3+ f6 47. c7 Rc8 48. Nh5+ Kf7 49. Nxf4 e5 50. Bb7 exf4 51. Bxc8 f3 52. Bf5 Kg7 53. c8=Q Kh6 54. Qxf6+ Kh5 55. Qch8# 1-0

[Event "British Rapidplay"]
[Site "Peterborough"]
[Date "2025.03.01"]
[Round "5.28"]
[White "Lishoy Gengis Paratazham, Dildarav"]
[Black "Sarakauskas, Gediminas"]
[Result "0-1"]
[WhiteElo "2071"]
[BlackElo "2323"]
[PlyCount "86"]
[EventDate "2025.03.01"]
[EventType "swiss (rapid)"]
[EventRounds "11"]
[EventCountry "ENG"]
[SourceTitle "BritBase"]
[Source "John Saunders"]
[SourceDate "2025.03.03"]
[SourceVersion "1"]
[SourceVersionDate "2025.03.03"]
[SourceQuality "2"]

1. e4 d6 2. d4 Nf6 3. Nc3 e5 4. Nf3 Nbd7 5. Rg1 Be7 6. g4 O-O 7. Be3 c6 8. g5 Ne8 9. a4 Nc7 10. Qd2 a6 11. h4 b5 12. dxe5 dxe5 13. Bh3 Ne6 14. h5 b4 15. Ne2 Nec5 16. Ng3 Qc7 17. a5 Rd8 18. Qe2 Nf8 19. Nf5 b3 20. Kf1 Be6 21. Kg2 Rab8 22. Rgc1 Rb4 23. c4 Nd3 24. Rc3 Bxc4 25. Rxc4 Rxc4 26. Rd1 Rc2 27. Qf1 Nxb2 28. Rxd8 Bxd8 29. Bb6 Qb8 30. Qxa6 Nc4 31. Bxd8 Qxd8 32. Qb7 Nxa5 33. Qb4 c5 34. Qb5 Ne6 35. Nxe5 Qxg5+ 36. Ng3 Nf4+ 37. Kh1 Qxe5 38. Qxa5 Qb8 39. Qa4 Nxh3 40. e5 Nxf2+ 41. Kh2 Ne4+ 42. Kh3 Qc8+ 43. Kh4 Rh2# 0-1

[Event "British Rapidplay"]
[Site "Peterborough"]
[Date "2025.03.01"]
[Round "5.29"]
[White "Lalic, Susan Kathryn"]
[Black "Harris, Michael"]
[Result "1/2-1/2"]
[WhiteElo "2227"]
[BlackElo "2234"]
[PlyCount "154"]
[EventDate "2025.03.01"]
[EventType "swiss (rapid)"]
[EventRounds "11"]
[EventCountry "ENG"]
[SourceTitle "BritBase"]
[Source "John Saunders"]
[SourceDate "2025.03.03"]
[SourceVersion "1"]
[SourceVersionDate "2025.03.03"]
[SourceQuality "2"]

1. e4 e6 2. d4 d5 3. e5 c5 4. c3 Nc6 5. Nf3 Bd7 6. Be2 f6 7. O-O fxe5 8. Nxe5 Nxe5 9. dxe5 Qc7 10. Re1 O-O-O 11. Bf1 Ne7 12. Bf4 h6 13. a4 g5 14. Bg3 Nf5 15. Na3 h5 16. h3 g4 17. Nb5 Bxb5 18. axb5 Nxg3 19. fxg3 c4 20. b4 cxb3 21. Qxb3 Bc5+ 22. Kh2 Rdg8 23. h4 Kb8 24. c4 Bf2 25. cxd5 Bxe1 26. Rxe1 exd5 27. Qxd5 Rd8 28. Qa2 Rhe8 29. e6 Qc5 30. Bc4 Rd4 31. b6 Qxb6 32. Rb1 Qd6 33. Ba6 Rb4 34. Rxb4 Qxb4 35. Bc4 Re7 36. Bd5 Qc5 37. Qb3 a5 38. Qd3 a4 39. Ba2 b5 40. Qd8+ Ka7 41. Bd5 Qc7 42. Qh8 Kb6 43. Qd4+ Qc5 44. Qf6 b4 45. Qf8 Qc7 46. Qa8 a3 47. Qa4 Kc5 48. Ba2 Qc6 49. Qc2+ Kb6 50. Qd2 Ka5 51. Qd8+ Qc7 52. Qd5+ Kb6 53. Qd4+ Qc5 54. Qd8+ Kc6 55. Bb3 Qd6 56. Qc8+ Rc7 57. Qa8+ Kc5 58. Qa5+ Kd4 59. Qxh5 Kc3 60. Bd5 b3 61. Qh8+ Kc2 62. Be4+ Kd2 63. Qh6+ Kd1 64. Qg5 Rc3 65. Qxg4+ Kc1 66. Qg5+ Kb2 67. e7 Qe6 68. Bg6 Re3 69. e8=Q Qxe8 70. Bxe8 Rxe8 71. Qd2+ Ka1 72. Qc3+ Ka2 73. Qc4 Kb2 74. Qd4+ Ka2 75. Qc4 Kb2 76. Qd4+ Ka2 77. Qc4 Rd8 1/2-1/2

[Event "British Rapidplay"]
[Site "Peterborough"]
[Date "2025.03.01"]
[Round "5.30"]
[White "Hutchinson, Paul A"]
[Black "Khoury, Theo"]
[Result "0-1"]
[WhiteElo "2054"]
[BlackElo "2164"]
[PlyCount "108"]
[EventDate "2025.03.01"]
[EventType "swiss (rapid)"]
[EventRounds "11"]
[EventCountry "ENG"]
[SourceTitle "BritBase"]
[Source "John Saunders"]
[SourceDate "2025.03.03"]
[SourceVersion "1"]
[SourceVersionDate "2025.03.03"]
[SourceQuality "2"]

1. d4 d5 2. Bf4 Nf6 3. e3 e6 4. Nd2 c5 5. c3 Nc6 6. Ngf3 cxd4 7. exd4 Nh5 8. Be3 Bd6 9. Ne5 Nf6 10. f4 Qb6 11. Qb3 Ng8 12. Qxb6 axb6 13. Bb5 Nge7 14. Ndf3 f6 15. Ng4 h5 16. Nf2 Nf5 17. Bd2 Bd7 18. g3 Kf7 19. Bd3 Nce7 20. a3 Bc7 21. O-O-O Nd6 22. Rde1 Rhc8 23. Kb1 b5 24. Bc1 Bb6 25. Bc2 Nc4 26. Nd3 Nf5 27. Re2 Nfd6 28. Rhe1 Ne4 29. Nb4 Nxa3+ 30. bxa3 Nxc3+ 31. Kb2 Nxe2 32. Rxe2 Rc4 33. Be3 Ba5 34. Bb3 Bxb4 35. axb4 Rxb4 36. Kc3 Rc4+ 37. Bxc4 bxc4 38. Bc1 Ra1 39. Bb2 Rd1 40. Ne1 Ba4 41. Ba3 b5 42. Bc5 Rb1 43. f5 b4+ 44. Kd2 c3+ 45. Ke3 b3 46. fxe6+ Ke8 47. Nd3 Bb5 48. Rf2 Rd1 49. Nb4 b2 50. Nxd5 b1=Q 51. Nxf6+ gxf6 52. Rxf6 Qd3+ 53. Kf4 Rf1+ 54. Kg5 Rxf6 0-1

[Event "British Rapidplay"]
[Site "Peterborough"]
[Date "2025.03.01"]
[Round "5.31"]
[White "Hng, Mei-En Emmanuelle"]
[Black "Finn, Peter"]
[Result "1-0"]
[WhiteElo "2136"]
[BlackElo "2205"]
[PlyCount "73"]
[EventDate "2025.03.01"]
[EventType "swiss (rapid)"]
[EventRounds "11"]
[EventCountry "ENG"]
[SourceTitle "BritBase"]
[Source "John Saunders"]
[SourceDate "2025.03.03"]
[SourceVersion "1"]
[SourceVersionDate "2025.03.03"]
[SourceQuality "2"]

1. Nf3 d5 2. c4 e6 3. d4 Nf6 4. Bg5 Bb4+ 5. Nc3 dxc4 6. e4 c5 7. e5 cxd4 8. exf6 gxf6 9. Bd2 dxc3 10. bxc3 Bc5 11. Bxc4 Bd7 12. O-O Bc6 13. Qe2 Nd7 14. Bh6 a6 15. Rfe1 Qc7 16. Bxe6 fxe6 17. Qxe6+ Kd8 18. Bg7 Rf8 19. Bxf8 Qa5 20. Bxc5 Qxc5 21. Nd4 Rc8 22. Qe8+ Kc7 23. Ne6+ Kb8 24. Qxc8+ Kxc8 25. Nxc5 Nxc5 26. Re7 b5 27. f3 Na4 28. Rc1 Bd5 29. Rxh7 Bxa2 30. Ra7 Nc5 31. h4 Kb8 32. Re7 a5 33. Ra1 Bc4 34. Rxa5 Nb7 35. Ra1 Nd6 36. Rd1 Nb7 37. Rdd7 1-0

[Event "British Rapidplay"]
[Site "Peterborough"]
[Date "2025.03.01"]
[Round "5.32"]
[White "Deva, Chetan"]
[Black "Jackson, Sheila"]
[Result "1/2-1/2"]
[WhiteElo "2181"]
[BlackElo "2031"]
[PlyCount "120"]
[EventDate "2025.03.01"]
[EventType "swiss (rapid)"]
[EventRounds "11"]
[EventCountry "ENG"]
[SourceTitle "BritBase"]
[Source "John Saunders"]
[SourceDate "2025.03.03"]
[SourceVersion "1"]
[SourceVersionDate "2025.03.03"]
[SourceQuality "2"]

1. c4 e5 2. Nc3 Nc6 3. g3 g6 4. Bg2 Bg7 5. e3 d6 6. a3 a5 7. Rb1 Bf5 8. d3 Nge7 9. b4 axb4 10. axb4 Qd7 11. b5 Nd8 12. e4 Bg4 13. Qc2 O-O 14. Nge2 Bh3 15. O-O Bxg2 16. Kxg2 c6 17. Na4 Qc7 18. bxc6 bxc6 19. Be3 Ne6 20. Rb2 f5 21. f3 c5 22. Nb6 Rab8 23. Nd5 Nxd5 24. cxd5 Rxb2 25. Qxb2 Nd4 26. Bxd4 cxd4 27. Qc1 Rc8 28. Qxc7 Rxc7 29. Rc1 Rxc1 30. Nxc1 Bh6 31. Nb3 Kf7 32. Na5 Ke7 33. Nc6+ Kd7 34. h3 fxe4 35. fxe4 Bd2 36. Kf3 h5 37. Ke2 Bc3 38. g4 hxg4 39. hxg4 g5 40. Kd1 Ke8 41. Na7 Kd7 42. Kc2 Ba5 43. Kb3 Bb6 44. Nc6 Bc5 45. Kc4 Ba3 46. Na5 Kc7 47. Kb5 Bc1 48. Nb3 Ba3 49. Nd2 Bc1 50. Nc4 Bf4 51. Ka6 Bc1 52. Na5 Bd2 53. Nc6 Bc1 54. Ne7 Bd2 55. Nf5 Bc1 56. Ng7 Bd2 57. Ne6+ Kd7 58. Kb7 Bc1 59. Ng7 Bd2 60. Nf5 Bc1 1/2-1/2

[Event "British Rapidplay"]
[Site "Peterborough"]
[Date "2025.03.01"]
[Round "5.33"]
[White "Iyengar, Ilya"]
[Black "Jermy, Jaden"]
[Result "0-1"]
[WhiteElo "1979"]
[BlackElo "2001"]
[PlyCount "78"]
[EventDate "2025.03.01"]
[EventType "swiss (rapid)"]
[EventRounds "11"]
[EventCountry "ENG"]
[SourceTitle "BritBase"]
[Source "John Saunders"]
[SourceDate "2025.03.03"]
[SourceVersion "1"]
[SourceVersionDate "2025.03.03"]
[SourceQuality "2"]

1. d4 Nf6 2. Nf3 d5 3. c4 e6 4. cxd5 exd5 5. Bg5 Be7 6. Qc2 O-O 7. Nc3 c6 8. e3 Re8 9. Bd3 h6 10. Bh4 Nbd7 11. O-O b6 12. Rfd1 Bb7 13. Rab1 Ne4 14. Bxe7 Qxe7 15. b4 Rac8 16. Rb3 g5 17. a4 g4 18. Ne1 Ndf6 19. a5 c5 20. bxc5 bxc5 21. a6 Bc6 22. Bxe4 Nxe4 23. dxc5 Nxc5 24. Rb4 Ne4 25. Nxe4 dxe4 26. Rc4 Qe6 27. Rc1 Bd7 28. g3 Rxc4 29. Qxc4 Rc8 30. Qxe6 Bxe6 31. Ra1 Rc6 32. Ng2 Bc8 33. Nf4 Rxa6 34. Rd1 Be6 35. Kg2 Kg7 36. Rd4 Bc8 37. Kf1 Ra2 38. Rxe4 Bb7 39. Rc4 Ba6 0-1

[Event "British Rapidplay"]
[Site "Peterborough"]
[Date "2025.03.01"]
[Round "5.34"]
[White "Ortiz Sanchez, Luis"]
[Black "Martin, Lewis"]
[Result "0-1"]
[WhiteElo "1913"]
[BlackElo "2050"]
[PlyCount "125"]
[EventDate "2025.03.01"]
[EventType "swiss (rapid)"]
[EventRounds "11"]
[EventCountry "ENG"]
[SourceTitle "BritBase"]
[Source "John Saunders"]
[SourceDate "2025.03.03"]
[SourceVersion "1"]
[SourceVersionDate "2025.03.03"]
[SourceQuality "2"]

1. d4 d5 2. Nf3 Nf6 3. c3 Bf5 4. Qb3 Qc8 5. c4 e6 6. Nc3 c6 7. Bf4 Nbd7 8. Rc1 dxc4 9. Qxc4 Be7 10. e3 O-O 11. Nh4 Bg6 12. Nxg6 hxg6 13. Be2 b5 14. Qb3 Qb7 15. Bf3 Rac8 16. O-O a6 17. h3 Qb6 18. a3 c5 19. dxc5 Nxc5 20. Qa2 Nd3 21. Rcd1 Nxf4 22. exf4 a5 23. Rc1 b4 24. axb4 axb4 25. Na4 Qb8 26. g3 b3 27. Qb1 Qb4 28. Nc3 Rc4 29. Qd3 Rd8 30. Qe2 Rcd4 31. Rfd1 Bc5 32. Qb5 Rxd1+ 33. Rxd1 Rxd1+ 34. Bxd1 Qxb5 35. Nxb5 Ne4 36. Bxb3 Nxf2 37. Kg2 Nd3 38. Bc4 Nxb2 39. Be2 Na4 40. Kf3 Nb6 41. Nc3 Bb4 42. Ne4 Kf8 43. Nf2 Ke7 44. Ke4 Be1 45. Nh1 Kd6 46. Bb5 Nd5 47. Be8 Nf6+ 48. Kf3 Nxe8 49. Ke2 Ba5 50. Nf2 Kd5 51. Kd3 Nd6 52. Nd1 Nf5 53. g4 Ne7 54. Ne3+ Kc6 55. Ke4 Bc7 56. Nc2 Nd5 57. f5 gxf5+ 58. gxf5 Nf6+ 59. Kf3 e5 60. Ne3 e4+ 61. Ke2 Kc5 62. Ng2 Kd4 63. Ne1 0-1

[Event "British Rapidplay"]
[Site "Peterborough"]
[Date "2025.03.01"]
[Round "5.35"]
[White "Kumar, Arnav"]
[Black "Chopra, Manmay"]
[Result "0-1"]
[WhiteElo "1767"]
[BlackElo "2156"]
[PlyCount "118"]
[EventDate "2025.03.01"]
[EventType "swiss (rapid)"]
[EventRounds "11"]
[EventCountry "ENG"]
[SourceTitle "BritBase"]
[Source "John Saunders"]
[SourceDate "2025.03.03"]
[SourceVersion "1"]
[SourceVersionDate "2025.03.03"]
[SourceQuality "2"]

1. e4 Nc6 2. d4 d5 3. e5 Bf5 4. c3 e6 5. Nf3 f6 6. exf6 Nxf6 7. Bg5 Be7 8. Bd3 Ne4 9. Bxe7 Qxe7 10. O-O O-O 11. Na3 Nxc3 12. bxc3 Qxa3 13. Bxf5 Rxf5 14. Qe2 Rf6 15. Rac1 Qd6 16. Qb5 b6 17. Rfe1 Raf8 18. Ne5 Nb8 19. Re2 a6 20. Qd3 b5 21. Qc2 Nc6 22. a4 Rf5 23. axb5 axb5 24. Rce1 Nxe5 25. dxe5 Qb6 26. Qd2 Rf4 27. g3 Rf3 28. Re3 R3f5 29. R1e2 c5 30. Qb2 c4 31. Qb4 R8f7 32. Qd6 Rb7 33. Rb2 Qxd6 34. exd6 Kf7 35. d7 Rxd7 36. Rxb5 g5 37. g4 Rf4 38. h3 Ke7 39. Rb6 Rf6 40. Re5 h6 41. Kf1 Ra7 42. Rb2 Kd6 43. Re3 Rc7 44. Kg2 Rc6 45. Re1 e5 46. Rbe2 e4 47. Re3 Rb6 48. Rd1 Kc5 49. Ra1 Rb2 50. Ra5+ Kd6 51. Ra6+ Ke5 52. Rxf6 Kxf6 53. Kg3 Rd2 54. Kg2 Rd3 55. Rxd3 cxd3 56. Kf1 Ke5 57. Ke1 d4 58. cxd4+ Kxd4 59. Kd2 Kc4 0-1